LEADER 01105nam a2200253 u 4500 001 000000065219 003 CaOOAMICUS 005 20070226121437.0 008 011203s1908 it u000 u ita u 035 $a10912416 040 $aPUL(R)$bita 100 1 $aHearn, Lafcadio,$d1850-1904.$0(OLS)http://pul/name/43946 245 10$aSpigolature nei campi di Buddho :$bstudii di estremo oriente /$cdi Lafcadio Hearn ; traduzione di Giulio De Georgio. 260 $aBari :$bG. Laterza,$c1908. 300 $a300 p. ;$c20 cm 490 1 $aBiblioteca di cultura moderna ;$v25 651 4$aEstremo Oriente.$0(OLS)http://pul/subject/13069 700 1 $aDe Georgio, Giulio.$0(OLS)http://pul/name/43947 830 0$aBiblioteca di cultura moderna (Editori Laterza) ;$v25.$0(OLS)http://pul/title/3128 850 $aPUL 852 $aPUL$W1$xDP2 Filosofia 1$y62$m91 H 4$j84487$nBK-PRI$qStampati$B84487$CPULBib$Z2$F84487 $82 941 1 $a8 996 $6245$aSpigolature nei campi di Buddho :$bstudii di estremo oriente$9(OLS)http://pul/title/86796 996 $6260$aBari :$bG. Laterza$9(OLS)http://pul/publisher/48242 LEADER 01270nam a2200277 u 4500 001 000000011322 003 CaOOAMICUS 005 20170203123638.0 008 940516s1936 it u000 u ita u 032 $aLibriCat 035 $a10278202 040 $aPUL$bita 100 1 $aTria, Luigi.$0(OLS)http://pul/name/10916 245 10$aDe similitudine carnis peccati :$bil suo autore e la sua teologia /$cLuigi Tria. 260 $aRomae :$bP. Universitas Gregoriana,$c1936. 300 $a144 p. ;$c24 cm 600 04$aPacianus,$cs., vesc. di Barcelona,$dsec. IV.$0(OLS)http://pul/subject/8690 600 04$aEutropius Aquitanus,$df. c. 400.$tDe similitudine carnis peccati.$0(OLS)http://pul/subject/8691 630 04$aDe similitudine carnis peccati.$0(OLS)http://pul/subject/8692 710 22$aPontificia Universitą Gregoriana.$bFacoltą di teologia.$kTesi.$0(OLS)http://pul/name/81592 850 $aPUL 852 $aPUL$W1$xDP1 Tesi Pon. Univ. Gregoriana$y40$mTH PUG 50$j16037$nBK-PRI$b $qTesi$B16037$CPULBib$Z2$F16037 $81 941 1 $a16 996 $6245$aDe similitudine carnis peccati :$bil suo autore e la sua teologia$9(OLS)http://pul/title/16420 996 $6260$aRomae :$bP. Universitas Gregoriana$9(OLS)http://pul/publisher/48106